Normal view MARC view

Entry Topical Term

Number of records used in: 1

001 - CONTROL NUMBER

  • control field: 58058

003 - CONTROL NUMBER IDENTIFIER

  • control field: OSt

005 - DATE AND TIME OF LATEST TRANSACTION

  • control field: 20251202120020.0

008 - FIXED-LENGTH DATA ELEMENTS

  • fixed length control field: 251202|| aca||aabn | a|a d

040 ## - CATALOGING SOURCE

  • Original cataloging agency: OSt
  • Transcribing agency: OSt

150 ## - HEADING--TOPICAL TERM

  • Topical term or geographic name entry element: Asylum Lawyers, Evidence making, Credibility, Legal lay communication, CNDA.

670 ## - SOURCE DATA FOUND

  • Source citation: Work cat.: (OSt): Stoufflet ,Bénédicte 58057, Between ‘i’ and ‘they’: Distributing authorship for evidence-making: how asylum lawyers construct credible accounts before the French court of asylum law

Powered by Koha